000 00723nam a22002057a 4500
005 20241211163738.0
010 _aDEC24SC ENG-142958
020 _a9789364689670
_c799.00
035 _aEN-126490
037 _bDBAD
082 _a000
_21
100 _aKhan, A R
_975031
245 _aUPSC General Studies Topic-wise Solved/
_cBy A R Khan
250 _a1
260 _aNew Delhi
_bS Chand and Company Limited
_c2024
270 _a A-27, 2nd Floor, Mohan Co-operative Industrial Estate
_bNew Delhi
_e110044
_minfo@schandpublishing.com
_k011-49731800
300 _a478,215p.
_c26cm(pb)
500 _a 14 Previous Years' Papers (2011-2024) | PYQs, CSAT Video Explanation
942 _2ddc
_cEN
_h000
_mKHA
_e1
999 _c207623
_d207623